Ejercicios linguales de pronunciación francesa (Record no. 60234)

MARC details
000 -LEADER
campo de control de longitud fija 00648nam a2200169 i 4500
001 - NÚMERO DE CONTROL
campo de control 60234
003 - IDENTIFICADOR DE NÚMERO DE CONTROL
campo de control ES-MaACL
005 - FECHA Y HORA DE LA ÚLTIMA TRANSACCIÓN
campo de control 20230906164203.0
007 - CAMPO FIJO DE DESCRIPCIÓN FÍSICA--INFORMACIÓN GENERAL
campo de control de longitud fija t|
008 - DATOS DE LONGITUD FIJA--INFORMACIÓN GENERAL
campo de control de longitud fija 031103s1881 sp ||||1| spa d
100 1# - ENTRADA PRINCIPAL--NOMBRE DE PERSONA
Nombre de persona Escriche y Mieg, Tomás.
9 (RLIN) 47650
245 10 - MENCIÓN DEL TÍTULO
Título Ejercicios linguales de pronunciación francesa
Resto del título : para adquirir en brevisimo tiempo la soltura de lengua que requiere una pronunciación correcta y franca /
Mención de responsabilidad, etc. por Tomás Escriche y Mieg.
260 ## - PUBLICACIÓN, DISTRIBUCIÓN, ETC.
Lugar de publicación, distribución, etc. Guadalajara :
Nombre del editor, distribuidor, etc. [s.n.],
Fecha de publicación, distribución, etc. 1881 (
Fabricante Est. Tip. Provincial)
300 ## - DESCRIPCIÓN FÍSICA
Extensión XV, 49 p. ;
Dimensiones 19 cm.
650 04 - PUNTO DE ACCESO ADICIONAL DE MATERIA--TÉRMINO DE MATERIA
Término de materia o nombre geográfico como elemento de entrada Lengua francesa-
Subdivisión general Pronunciación.
9 (RLIN) 14229
852 ## - LOCALIZACIÓN
Ubicación ES-MaACL
Número de control de estantería Fol-Laf-533
Holdings
Estatus retirado Estado de pérdida Estado de daño No para préstamo Colección Biblioteca de origen Biblioteca actual Ubicación en estantería Fecha de adquisición Fuente de adquisición Total de préstamos Signatura topográfica completa Código de barras Visto por última vez Precio de reemplazo Tipo de ítem Koha
        Colección de folletos Biblioteca del Ateneo de Madrid Biblioteca del Ateneo de Madrid Depósito folletos 17/01/2008     Fol-Laf-533 1063179 23/02/2023 23/02/2023 Folleto